Statistics for All cities over 5m people with country hint

Click here to take the quiz!

General Stats

  • This quiz has been taken 970 times
    (10 since last reset)
  • The average score is 85 of 109

Answer Stats

HintAnswer% Correct
ThailandBangkok
100%
ArgentinaBuenos Aires
100%
EgyptCairo
100%
USAChicago
100%
IndiaDelhi
100%
BangladeshDhaka
100%
UAEDubai
100%
ChinaGuangzhou
100%
VietnamHanoi
100%
VietnamHo Chi Minh City
100%
TurkeyIstanbul
100%
IndonesiaJakarta
100%
AfghanistanKabul
100%
IndiaKolkatta
100%
NigeriaLagos
100%
PeruLima
100%
UKLondon
100%
USALos Angeles
100%
PhilippinesManila
100%
MexicoMexico City
100%
ItalyMilan
100%
RussiaMoscow
100%
IndiaMumbai
100%
USANew York
100%
JapanOsaka
100%
FranceParis
100%
BrazilSao Paulo
100%
South KoreaSeoul
100%
ChinaShanghai
100%
SingaporeSingapore
100%
RussiaSt Petersburg
100%
TaiwanTaipei
100%
IranTehran
100%
JapanTokyo
100%
MyanmarYangon
100%
GhanaAccra
90%
EgyptAlexandria
90%
JordanAmman
90%
TurkeyAnkara
90%
ChinaBeijing
90%
ColombiaBogota
90%
GermanyCologne/Dusseldorf
90%
South AfricaJohannesburg
90%
PakistanKarachi
90%
DRCKinshasa
90%
MalaysiaKuala Lumpur
90%
SpainMadrid
90%
AustraliaMelbourne
90%
KenyaNairobi
90%
BrazilRio De Janeiro
90%
Saudi ArabiaRiyadh
90%
USASan Francisco
90%
ChileSantiago
90%
CanadaToronto
90%
ChinaWuhan
90%
Ivory CoastAbidjan
80%
IndiaAhmedabad
80%
IraqBaghdad
80%
MaliBamako
80%
IndiaBengaluru
80%
USABoston
80%
IndiaChennai
80%
USADallas
80%
TanzaniaDar Es Salaam
80%
MexicoGuadalajara
80%
USAHouston
80%
IndiaHyderabad
80%
NigeriaKano
80%
SudanKhartoum
80%
AngolaLuanda
80%
USAMiami
80%
USAPhiladelphia
80%
USAWashington
80%
ChinaXiamen
80%
ChinaXian
80%
ChinaChengdu
70%
BangladeshChittagong
70%
ChinaChongqing
70%
USADetroit
70%
ChinaHong Kong
70%
PakistanLahore
70%
MexicoMonterrey
70%
JapanNagoya
70%
ChinaNanjing
70%
IndiaPune
70%
ChinaTianjin
70%
USAAtlanta
60%
ChinaHarbin
60%
IndonesiaSurabaya
60%
IndiaSurat
60%
IndonesiaBandung
50%
GermanyEssen/Dorrtmund
50%
ChinaHangzhou
50%
ChinaQingdao
50%
ChinaZhengzhou
50%
ChinaChangsha
40%
ChinaDalian
40%
ChinaKunming
30%
ChinaNanning
30%
ChinaNingbo
30%
ChinaTaiyuan
30%
ChinaChangchun
20%
ChinaHefei
20%
ChinaJinan
20%
ChinaShantou
20%
ChinaShenyang
20%
ChinaShijiazhuang
20%
ChinaWenzhou
20%
ChinaGuiyang
10%

Score Distribution

Percentile by Number Answered

Percent of People with Each Score

Your Score History

You have not taken this quiz since the last reset